Statistics for Flags of Countries in the World Cup of 1930

Click here to take the quiz!

General Stats

  • This quiz has been taken 139 times
  • The average score is 12 of 13

Answer Stats

Answer% Correct
Uruguay
100%
Argentina
99%
Belgium
97%
Brazil
97%
Chile
97%
France
97%
Mexico
97%
United States
97%
Peru
94%
Romania
94%
Paraguay
89%
Bolivia
83%
Yugoslavia
79%

Score Distribution

Percentile by Number Answered

Percent of People with Each Score

Your Score History

You have not taken this quiz